01296cam 2200337 a 4500001000800000005001700008008004100025035002100066906004500087010001700132020003100149020003200180020004200212020006000254020005000314040001800364050002200382082001500404245003700419250004500456260004600501300003700547490003700584500007600621500002000697650004500717700007600762700003100838991006100869099002800930473437819970227095036.2840410t19841977nyuc 001 0 eng  9(DLC) 84047562 a7bcbccorignewd1eocipf19gy-gencatlg a 84047562  a0060911697 (pbk.) :c$8.95 a0690000103 (hard) :c$15.00 a0690000111 (hard : indexed) :c$18.00 a0063370018 (hard : outside U.S.A. and Canada) :c$12.50 a0063370387 (pbk. : outside U.S.A. and Canada) aDLCcDLCdDLC00aPE1591b.R73 198400a423/.121900aRoget's international thesaurus. a4th ed. /brevised by Robert L. Chapman. aNew York :bHarper & Row,c[1984], c1977. axxiv, 1316 p. :bport. ;c23 cm.0 aHarper colophon books ;vCN 1169 aBased on: Thesaurus of English words and phrases / by Peter Mark Roget. aIncludes index. 0aEnglish languagexSynonyms and antonyms.1 aRoget, Peter Mark,d1779-1869.tThesaurus of English words and phrases.1 aChapman, Robert L.,d1920- bc-GenCollhPE1591i.R73 1984p00032305350tCopy 1wBOOKS aroget-rogets-1072115230